| 000 | 00419nam a2200181Ia 4500 | ||
|---|---|---|---|
| 003 | LK-CoDNM | ||
| 005 | 20240425144526.0 | ||
| 008 | 010623t1939 xxu||||| |||| 00| 1 sin d | ||
| 040 |
_aLK-CoDNM _dLK-CoDNM _eLK-CoDNM |
||
| 041 | _asin | ||
| 080 | _aජ87 | ||
| 245 | _aහාද්ද | ||
| 246 | _aThe Haadda | ||
| 260 |
_bM.P.Jayasundara _aMaradana _c1939 |
||
| 300 | _b10P.,27 cm | ||
| 650 | _aLove | ||
| 942 | _cBK | ||
| 999 |
_c99545 _d99545 |
||